| 000 | 00541nam a2200181 4500 | ||
|---|---|---|---|
| 001 | 6218 | ||
| 005 | 20230404125915.0 | ||
| 008 | 060907n1991 dr spa | ||
| 035 | _9funglode6274 | ||
| 041 | _aES | ||
| 050 | 1 | 4 | _a100 F 1776 C355p 1991 |
| 100 | _aCastro, Fidel | ||
| 245 | 1 | 3 |
_aEl pueblo, verdadero protagonista de esta epopeya : _bvictoria del internacionalismo cubano / _cFidel Castro, Raúl Castro |
| 260 |
_aLa Habana : _bEditora Política, _c1991 |
||
| 300 | _a36 p. | ||
| 700 | _aCastro, Raúl | ||
| 942 |
_2lcc _cbk |
||
| 999 |
_c7104 _d7104 |
||